| 000 | 00488nam a2200181Ia 4500 | ||
|---|---|---|---|
| 005 | 20240718010445.0 | ||
| 008 | 240331s9999 xx 000 0 und d | ||
| 020 | _a8185054010 | ||
| 082 |
_a200.042 _bGAT |
||
| 100 | _aGatwood, L.E | ||
| 245 | 0 |
_aDevi and the spouse goddess : _bwomen,sexulity, and marriage in india |
|
| 260 |
_aNew Delhi _bManohar Publications _c1991 |
||
| 300 | _axiii, 206 p ., | ||
| 650 | _aWomen | ||
| 650 | _aSexuality | ||
| 650 | _aMarriage in India | ||
| 942 | _cL | ||
| 999 |
_c779 _d779 |
||